000 00552nam a2200181 i 4500
001 48959
003 ES-MaACL
005 20230906161844.0
007 t|
008 030703s1908 sp ||||1| spa d
100 1 _aCornejo, Mariano H.
_940610
245 1 0 _aSociología general /
_cpor Mariano H. Cornejo ; prólogo de José Echegaray.
260 _aMadrid :
_b[s.n.],
_c1908 (
_fImprenta de los Hijos de M. G. Hernández)
300 _a2 v.
700 1 _aEchegaray, José,
_d1832-1916
_946526
852 _aES-MaACL
_jD-4501-2
999 _c48959
_d48959